000 00553nam a2200193Ia 4500
003 IN-BaIIA
008 211028s9999 xx 000 0 eng d
040 _cIIA Library
080 _a52(091)
_bABE
100 _aAbetti, Giorgio
_92923
245 4 _aThe history of astronomy
_cGiorgio Abetti
260 _aLondon
_bSidwick and Jackson
_c1954
300 _axviii, 345p.
490 _aLife of science library; no. 24
650 _aAstronomy - History
_9900
650 _aAstronomy and astrophysics thesaurus
650 _aAstrophysics
_9794
942 _cBK
999 _c1431
_d1431